000 00459nam a22001457a 4500
999 _c11014
_d11014
020 _a9780323091770
082 _26th
_a617.52
_bHUP
100 _aHupp James R.
245 _aContemporary Oral and Maxillofacial Surgery
260 _aChina
_bElsevier
_c2008
300 _a702
_bill
_c27cm
440 _aContemporary Oral and Maxillofacial Surgery
650 _aDentistry,Oral and Maxillofacial Surgery
_vPinciples of surgery, Wound Repair
942 _2ddc
_cBK
_e6th